<?xml version="1.0" encoding="UTF-8"?>
<record xmlns="http://www.loc.gov/MARC21/slim">
  <leader>02187nam a2200301   4500</leader>
  <controlfield tag="001">    GLAD32756-B</controlfield>
  <controlfield tag="005">20051030001237.0</controlfield>
  <controlfield tag="008">831129 1841    enk                 eng d</controlfield>
  <datafield tag="035" ind1=" " ind2=" ">
    <subfield code="a">CUBU14756498-B</subfield>
  </datafield>
  <datafield tag="100" ind1="2" ind2="0">
    <subfield code="a">Halliwell-Phillipps, J. O.</subfield>
    <subfield code="q">(James Orchard),</subfield>
    <subfield code="d">1820-1889.</subfield>
  </datafield>
  <datafield tag="245" ind1="1" ind2="0">
    <subfield code="a">Rare mathematica :</subfield>
    <subfield code="b">or, A collection of treatises on the mathematics and subjects connected with them, from ancient inedited manuscripts /</subfield>
    <subfield code="c">ed. by James Orchard Halliwell</subfield>
  </datafield>
  <datafield tag="250" ind1=" " ind2=" ">
    <subfield code="a">2d ed</subfield>
  </datafield>
  <datafield tag="260" ind1="0" ind2=" ">
    <subfield code="a">London :</subfield>
    <subfield code="b">S. Maynard,</subfield>
    <subfield code="c">1841</subfield>
  </datafield>
  <datafield tag="300" ind1=" " ind2=" ">
    <subfield code="a">viii, 120 p. :</subfield>
    <subfield code="b">facsims. ;</subfield>
    <subfield code="c">23 cm</subfield>
  </datafield>
  <datafield tag="500" ind1=" " ind2=" ">
    <subfield code="a">Texts in English or Latin</subfield>
  </datafield>
  <datafield tag="505" ind1="1" ind2=" ">
    <subfield code="a">I. Johannis de Sacro Bosco Tractatus de arte numerandi.--II. A method used in England in the fifteenth century for taking the altitude of a steeple or inaccessible object.--III. A treatise on the numeration of algorism.--IV. A treatise on the properties and qualities of glasses for optical purposes, according to the making, polishing, and grinding of them. By William Bourne.--V. Johannis Robyns De cometis commentaria.--VI. Two tables: one shewing the time of high water at London bridge and the other the duration of moon-light.--VII. A treatise on the mensuration of heights and distances.--VIII. An account table for the use of merchants.--IX. Alexandri de Villa Dei Carmen de algorismo.--X. Prefatio Danielis de Merlai ad librum de naturis superiorum et inferiorum.--XI. Proposals for some inventions in the mechanical arts.--XII. Preface to a calendar or almanac for the year 1430.--XIII. Johannis Norfolk In artem progressioni summula.--XIV. Appendix: I. Observations on the numerical contractions found in some manuscripts of the treatise on geometry by Boetius. II. Notes on early almanacs</subfield>
  </datafield>
  <datafield tag="650" ind1=" " ind2="0">
    <subfield code="a">Algorithms.</subfield>
  </datafield>
  <datafield tag="650" ind1=" " ind2="0">
    <subfield code="a">Calendar.</subfield>
  </datafield>
  <datafield tag="650" ind1=" " ind2="0">
    <subfield code="a">Science, Medieval.</subfield>
  </datafield>
  <datafield tag="700" ind1="2" ind2="0">
    <subfield code="a">Sacro Bosco, Joannes de,</subfield>
    <subfield code="d">fl. 1230.</subfield>
  </datafield>
  <datafield tag="700" ind1="1" ind2="0">
    <subfield code="a">Bourne, William,</subfield>
    <subfield code="d">d. 1583.</subfield>
  </datafield>
  <datafield tag="700" ind1="1" ind2="0">
    <subfield code="a">Robins, John,</subfield>
    <subfield code="d">1500?-1558</subfield>
  </datafield>
  <datafield tag="700" ind1="0" ind2="0">
    <subfield code="a">Alexander,</subfield>
    <subfield code="c">de Villa Dei.</subfield>
  </datafield>
  <datafield tag="700" ind1="1" ind2="0">
    <subfield code="a">Morley, Daniel of,</subfield>
    <subfield code="d">fl. 1170-1190.</subfield>
  </datafield>
  <datafield tag="700" ind1="1" ind2="0">
    <subfield code="a">Norfolk, Joannes.</subfield>
  </datafield>
  <datafield tag="752" ind1=" " ind2=" ">
    <subfield code="a">Great Britain</subfield>
    <subfield code="b">England</subfield>
    <subfield code="d">London</subfield>
    <subfield code="9">(1841)</subfield>
  </datafield>
  <datafield tag="852" ind1=" " ind2=" ">
    <subfield code="8">1.1</subfield>
    <subfield code="a">GLAD</subfield>
    <subfield code="b">BANC</subfield>
    <subfield code="h">Q153</subfield>
    <subfield code="i">.H18 1841</subfield>
  </datafield>
  <datafield tag="901" ind1=" " ind2=" ">
    <subfield code="a">GLAD</subfield>
    <subfield code="b">32756</subfield>
  </datafield>
</record>
